000 00962nam a2200361 4500
003 DO-SdBNP
005 20171206094442.0
008 171113b 1980 |||| 00| 0 spa d
015 _a
017 _a
_b
020 _a 9682601762
035 _a
040 _aBPMSU
_bspa
_cBPMSU
_e
080 _a
082 4 _a658.4
_bT329p
_2
100 1 _a Terry, George R.
_4
240 _a
_l
245 1 0 _a Principios de administración /
_c George Robert Terry
_b
250 _a
260 _aMéxico D.F. :
_bContinental ,
_c1980.
300 _a699 p. :
_b il. ;
_c23 cm
336 _a
_2
337 _a
_2
500 _a Incluye índice alfabético.
500 _ala biblioteca posee la 6a reimpresión del 1982.
504 _a Bibliografía : p. 651-667
650 4 _2
650 7 _aPlanificación del mercadeo.
700 _4
942 _2ddc
_cBK
945 _aInventariado, 2017/MFF
956 _aBTAVAREZ
_b10
_c20171113
_d0038
999 _c12871
_d12871